00429nam a2200181Ia 4500008004100000020001800041050001400059100002000073245001900093245003600112260001500148260001600163260000900179300001400188300002700202300001000229500000800239170918s9999 xx 000 0 und d a9780545650632 bR848 2012 aRotner, Shelley aBody actions / cShelley Rotner & Anne Woodhull. aNew York : bScholastic, c2012 aunpaged : bcolored illustration ; c28cm. a800